| 000 | 00597nam a22001817a 4500 | ||
|---|---|---|---|
| 020 | _qHard Cover. | ||
| 082 | _a330 | ||
| 100 | _aAamna Shahid : Sarah Farooq Qasim. | ||
| 245 |
_aFlood Related Vulnerability Assessment in Khyber Pakhtunkhwa / _cShahid, Aamna : Qasim, Sara Farooq |
||
| 260 |
_aIslamabad: _bS3H-NUST, _c2021. |
||
| 300 |
_a28 p. : _bill. ; _c30cm. |
||
| 563 | _aHB | ||
| 650 | _aBS-Economics. | ||
| 700 |
_aDr. Muhammad Ali _927459 |
||
| 856 | _uhttp://10.250.8.41:8080/xmlui/handle/123456789/24369 | ||
| 942 |
_2ddc _cPR |
||
| 999 |
_c566178 _d566178 |
||